Normal view
MARC view
- Abbasi, Kamran Qadir
Entry Personal Name
001 - CONTROL NUMBER
- control field: 17118
003 - CONTROL NUMBER IDENTIFIER
- control field: NUST
005 - DATE AND TIME OF LATEST TRANSACTION
- control field: 20190709052747.0
008 - FIXED-LENGTH DATA ELEMENTS
- fixed length control field: 190709|| aca||aabn | a|a d
040 ## - CATALOGING SOURCE
- Original cataloging agency: NUST
- Transcribing agency: NUST
100 ## - HEADING--PERSONAL NAME
- Personal name: Abbasi, Kamran Qadir
670 ## - SOURCE DATA FOUND
- Source citation: Work cat.: (NUST): Abbasi, Kamran Qadir, Colliding Impulsive Plane Gravitational Waves /, 2018.
